000 00418cam a2200145 4500500
005 20251012032553.0
041 _afre
042 _adc
100 1 0 _aSamama, Guy
_eauthor
245 0 0 _aDes araignées mélomanes
260 _c2006.
500 _a91
786 0 _nSigila | 18 | 2 | 2006-12-20 | p. 23-33 | 1286-1715
856 4 1 _uhttps://shs.cairn.info/revue-sigila-2006-2-page-23?lang=fr&redirect-ssocas=7080
999 _c1547717
_d1547717